Allāh Taʻālā bandoṅ se kitnī muḥabbat karte hain / (Record no. 614459)

000 -LEADER
fixed length control field 01400nam a2200253 4500
040 ## - CATALOGING SOURCE
Transcribing agency NSHS
082 ## - DEWEY DECIMAL CLASSIFICATION NUMBER
Classification number 297.261
Author Mark ARS
100 1# - MAIN ENTRY--PERSONAL NAME
Personal name Maʼman, Ars̱ilān bin Aḵẖtar
9 (RLIN) 130168
245 1# - TITLE STATEMENT
Title Allāh Taʻālā bandoṅ se kitnī muḥabbat karte hain /
Statement of responsibility, etc. muʾallif Ars̱ilān bin Aḵẖtar Maʼman.
246 ## - VARYING FORM OF TITLE
Title proper/short title Allah Taala bandon se kitni muhabbat karte hain
246 ## - VARYING FORM OF TITLE
Title proper/short title Allah Talah bandon se kitni mahabat karte hain.
260 ## - PUBLICATION, DISTRIBUTION, ETC.
Place of publication, distribution, etc. Kārāchī:
Name of publisher, distributor, etc. Maktabah Arslān;
Date of publication, distribution, etc. 2003.
300 ## - PHYSICAL DESCRIPTION
Extent 392 pages.
500 ## - GENERAL NOTE
General note DC010725
500 ## - GENERAL NOTE
General note Religion
520 ## - SUMMARY, ETC.
Summary, etc. "Allah Ta'ala bandon se kitni mohabbat karte hain" reflects the deep and unconditional love that Allah has for His creation. It shows that no matter how many mistakes people make, Allah is always merciful, forgiving, and kind. His love is far greater than human love—pure, constant, and full of compassion. He provides for us, guides us, and is always ready to forgive when we turn back to Him. This reminds us to be grateful, seek His mercy, and try to follow the right path with faith in His endless love.
546 ## - LANGUAGE NOTE
Language note In Urdu.
650 #0 - SUBJECT ADDED ENTRY--TOPICAL TERM
Topical term or geographic name entry element God (Islam)
General subdivision Love
9 (RLIN) 130169
650 #0 - SUBJECT ADDED ENTRY--TOPICAL TERM
Topical term or geographic name entry element Allah
General subdivision Worship and love
9 (RLIN) 130170
650 #0 - SUBJECT ADDED ENTRY--TOPICAL TERM
Topical term or geographic name entry element Sufism
General subdivision Doctrines of love (if the book has a mystical/spiritual theme)
9 (RLIN) 130171
650 #0 - SUBJECT ADDED ENTRY--TOPICAL TERM
Topical term or geographic name entry element Islamic theology
9 (RLIN) 130172
942 ## - ADDED ENTRY ELEMENTS (KOHA)
Source of classification or shelving scheme
Koha item type Book
Holdings
Withdrawn status Lost status Source of classification or shelving scheme Damaged status Not for loan Permanent Location Current Location Date acquired Full call number Barcode Date last seen Price effective from Koha item type
          NUST School of Health Sciences (NSHS) NUST School of Health Sciences (NSHS) 07/24/2025 297.261 MAM NSHS-2013 07/24/2025 07/24/2025 Book
© 2023 Central Library, National University of Sciences and Technology. All Rights Reserved.